| 000 | 00735cam a2200217 a 4500 | ||
|---|---|---|---|
| 001 | 4945535 | ||
| 005 | 20250122121609.0 | ||
| 008 | 960930s1997 ctuaf b 000 0 eng c | ||
| 020 | _a0838503055 (pbk. : alk. paper) | ||
| 050 | 0 | 0 |
_aR834.5 _b.A662 1997 |
| 082 | 0 | 0 |
_a610/.76 _221 |
| 245 | 0 | 0 |
_aAppleton & Lange's review for the USMLE step 3 / _c[edited by Samuel L. Jacobs]. |
| 250 | _a2nd ed. | ||
| 260 |
_aStamford, Conn. : _bAppleton & Lange, _cc1997. |
||
| 300 |
_axviii, 314 p., [2] p. of plates : _bill. (some col.) ; _c28 cm. |
||
| 650 | 0 |
_aMedicine _xExaminations, questions, etc. |
|
| 650 | 1 | 2 |
_aMedicine _xexamination questions. |
| 650 | 1 | 2 |
_aMedicine _xoutlines. |
| 700 | 1 | _aJacobs, Samuel L. | |
| 942 |
_2lcc _cBK _e2nd ed. _n0 |
||
| 999 |
_c2787 _d2787 |
||